| 000 | 00397nam a2200157 a 4500 | ||
|---|---|---|---|
| 001 | 40421 | ||
| 005 | 20180714014235.0 | ||
| 008 | 140415s1969 000 0 spa d | ||
| 041 | _aspa | ||
| 082 |
_a808.815 _bVER |
||
| 100 | 1 | _aVERDUZCO, JERONIMO | |
| 245 | 1 | 0 | _aDIOS EN EL SILENCIO |
| 260 |
_a[s.l.] : _bIMPRESOS LOPEZ, _c1969 |
||
| 300 | _a123 | ||
| 650 | 1 | 4 | _aPOESIA RELIGIOSA |
| 999 |
_c40421 _d40421 |
||